Kyklos Internationale Zeitschrift für Sozialwissenschaften

Gespeichert in:
Bibliographische Detailangaben
Format: Schriftenreihe
Sprache:Deutsch
Veröffentlicht: Basel Kyklos-Verlag 1988
Tags: Tag hinzufügen
Keine Tags, Fügen Sie das erste Tag hinzu!

MARC

LEADER 00000nas2a2200000 4500
001 s036696
005 20250730114147.9
041 0 |a ger 
044 |a CH 
245 1 0 |a Kyklos  |b Internationale Zeitschrift für Sozialwissenschaften 
264 1 |a Basel  |b Kyklos-Verlag  |c 1988 
773 0 |w eu_un_cat*s120900